00388 2200157 4500001002100000008004100021035002000062245002600082100001600108260002800124300002200152020002200174084001400196082000800210990001200218INLIS000000000002885 IND  a0010-0925000232 aEmoticoncRicky Cuaca aRicky Cuaca aJakartabEuthaniac2015 a176c(13 x 19 cm) a978-602-1010-74-7 a813 RIC e a813 a0755107